000
00253nam a2200109Ia 4500
008
230312s9999||||xx |||||||||||||| ||und||
082
_a
758.541
_b
NOR-H
100
_a
Norman:Joanna
245
0
_a
Handmade on britain
650
_a
Architecture
942
_c
BK
999
_c
14561
_d
14561